[Event "15th Deltalift Open 2018"]
[Site "Halmstad"]
[Date "2018.05.10"]
[Round "4"]
[White "Mattsson, Michael"]
[Black "Arman, Deniz"]
[Result "0-1"]
[WhiteElo "2020"]
[BlackElo "2367"]
[Annotator "TA"]
[PlyCount "142"]
[EventDate "2018.??.??"]
[EventType "swiss"]
[EventCountry "SWE"]
[SourceTitle "playchess.com"]
[Source "ChessBase"]
[SourceQuality "1"]

{[%evp 20,142,114,105,112,93,134,37,36,36,41,12,15,7,12,35,57,6,0,0,0,-71,-92,-113,-114,-98,-54,-120,-46,-74,0,-53,-41,-65,-57,-72,-18,-76,-65,-69,-12,-12,-10,-107,-103,-98,-69,-72,-69,-70,-81,-85,-9,-86,-78,-86,-86,-151,-120,-201,-203,-201,-200,-213,-213,-213,-213,-206,-171,-186,-192,-183,0,-134,-144,-143,-134,-313,-284,-319,-318,-398,-397,-397,-390,-381,-377,-362,-401,-374,-342,-337,0,-324,-290,-516,-516,-1065,-1038,-1012,-965,-1136,-1125,-1055,-987,-1041,-798,-1925,-1885,-1193,-1137,-29975,-29976,-29976,-29977,-29977,-29978,-29979,-29979,-29989,-29990,-29990,-29991,-29991,-29992]} 1. e4 d5 2. exd5 Qxd5 3. Nc3 Qd6 4. d4 Nf6 5. Nf3 a6 6. g3 b5 {[%cal Bb7b5,Bb5b4][%mdl 32] B01: Scandinavian Defence} (6... Bg4 7. Bg2 Nc6 8. O-O O-O-O 9. h3 Bh5 10. Bf4 Qb4 11. g4 Bg6 12. a3 Qxb2 13. Qe1 e6 14. Ne5 Nd5 15. Nxd5 exd5 16. Nxc6 bxc6 {1-0 (25) Vovk,A (2635)-Kallai,G (2475) Hungary 2017}) 7. Bg2 Bb7 8. O-O e6 9. Bf4 Qb6 10. a4 b4 11. a5 {LiveBook: 4 Games} Qa7 12. Na4 Bd5 $146 ({Predecessor:} 12... Nd5 13. Qd2 Nd7 14. c4 {½-½ (44) Vacek,M (2259)-Kucera,P (2386) Czechia 2011}) 13. Ne5 (13. c4 $16 bxc3 14. Nxc3) 13... Bd6 $14 14. c4 bxc3 15. Nxc3 Bxg2 16. Kxg2 Qb7+ 17. Qf3 Ra7 18. Rfe1 (18. b4 $14) 18... Qxf3+ 19. Kxf3 Rb7 20. Nc4 (20. d5 $11) 20... Bxf4 $17 21. Kxf4 Nc6 22. Ke3 O-O {Hoping for ...Rd8.} 23. Rac1 (23. Ne5 $15 Ne7 24. Kf3) 23... Ng4+ (23... Rd8 $17 24. Red1 Rb4) 24. Kf3 $15 Nf6 ({Black should try} 24... Nxh2+ $17 25. Kg2 Nxd4) 25. Red1 (25. Ke3 $11) 25... Rd8 26. Ne2 g5 27. h3 Kg7 ({Better is} 27... h6 $17) 28. Ne3 (28. Ne5 $1 $11 {keeps the balance.} Ne7 29. Nd3) 28... Ne7 29. Rd2 Rdb8 (29... c6 $15) 30. Rc5 $11 h6 31. Nd1 (31. Nc1 $1 $11) 31... Rb3+ $17 32. Rc3 Ned5 33. Rxb3 Rxb3+ 34. Ndc3 Rb4 35. Rc2 Rc4 (35... Nxc3 $17 36. bxc3 Rb3) 36. b3 {[#]} (36. Rc1 $1 $11) 36... Rb4 $1 37. Nxd5 Nxd5 {[%mdl 4096] Endgame KRN-KRN} 38. Rb2 (38. Nc1 $142) 38... Rb5 39. h4 (39. b4 $17 {might work better.}) 39... gxh4 $19 ({Don't play} 39... Rxa5 40. hxg5 hxg5 41. Nc1) 40. gxh4 Rxa5 41. Nf4 Nxf4 42. Kxf4 {KR-KR} Rd5 43. Ke3 Rb5 44. Kf4 Rb4 45. Ke5 Rb5+ 46. Kf4 $1 a5 47. Rc2 Rb4 48. Ke5 $2 {[#]} (48. Ke4 $17) 48... Rxb3 49. Rxc7 Rf3 50. Rc2 a4 51. Ra2 Rf5+ 52. Ke4 Ra5 53. Ra3 Kg6 54. Kf4 Kf6 55. Ke4 Kg6 56. Kf4 $1 f5 57. h5+ $2 (57. Kf3 {is a better defense.}) 57... Kf6 58. f3 (58. Ke3 $142 Kg5 59. Kd3) 58... Ra6 59. Kg3 Kg5 60. f4+ Kxh5 61. Kf3 Kg6 62. Kg3 Kf7 63. Kh4 Ke7 64. Kh5 Kd6 65. Kxh6 Kd5 {Black mates.} 66. Kg5 Kxd4 67. Kf6 Kc4 68. Re3 a3 69. Rxe6 Rxe6+ 70. Kxe6 a2 71. Kxf5 a1=Q {Precision: White = 33%, Black = 58%.} 0-1

[Event "15th Deltalift Open 2018"]
[Site "Halmstad"]
[Date "2018.05.10"]
[Round "4"]
[White "Troberg Eskola, Love"]
[Black "Lindh, Fredrik"]
[Result "0-1"]
[WhiteElo "1993"]
[BlackElo "2296"]
[Annotator "NA"]
[PlyCount "38"]
[EventDate "2018.??.??"]
[EventType "swiss"]
[EventCountry "SWE"]
[SourceTitle "playchess.com"]
[Source "ChessBase"]
[SourceQuality "1"]
[TimeControl "1800+12"]

1. e4 {[%emt 0:00:00]} c5 {[%emt 0:00:03]} 2. Nf3 {[%emt 0:00:00]} Nc6 {[%emt 0:00:02]} 3. Bb5 {[%emt 0:00:00]} g6 {[%emt 0:00:02]} 4. Bxc6 {[%emt 0:00:00]} bxc6 {[%emt 0:00:01]} 5. O-O {[%emt 0:00:00]} Bg7 {[%emt 0:00:05]} 6. d3 {[%emt 0:00:00]} d6 {[%emt 0:00:09]} 7. h3 {[%emt 0:00:00]} Nh6 {[%emt 0:00:13]} 8. Qe2 {[%emt 0:00:16]} O-O {[%emt 0:00:26]} 9. Nc3 {[%emt 0:00:51]} f6 {[%emt 0:01:54]} 10. Be3 {[%emt 0:00:34]} Nf7 {[%emt 0:00:03]} 11. Nh2 {[%emt 0:00:21]} Rb8 {[%emt 0:02:05]} 12. Rab1 {[%emt 0:00:15]} f5 {[%emt 0:02:03]} 13. Qd2 {[%emt 0:01:31]} Bd7 {[%emt 0:08:21]} 14. a3 {[%emt 0:00:40]} Qa5 {[%emt 0:00:19]} 15. f4 $15 {[%emt 0:01:20]} ({White should try} 15. exf5 $11 gxf5 16. Nf3) 15... Rxb2 {[%emt 0:02:23]} 16. Nd5 {[%emt 0:00:45]} Qxd2 {[%emt 0:00:45]} 17. Nxe7+ {[%emt 0:00:01]} Kh8 {[%emt 0:00:01]} 18. Bxd2 {[%emt 0:00:02]} Rxb1 {[%emt 0:00:03]} 19. Rxb1 {[%emt 0:00:00]} Re8 {[%emt 0:00:01]} 0-1

[Event "15th Deltalift Open 2018"]
[Site "Halmstad"]
[Date "2018.05.10"]
[Round "4"]
[White "Nystrom, Jonas"]
[Black "Lindborg, Patrik"]
[Result "1-0"]
[WhiteElo "1965"]
[BlackElo "2172"]
[Annotator "NA"]
[PlyCount "71"]
[EventDate "2018.??.??"]
[EventType "swiss"]
[EventCountry "SWE"]
[SourceTitle "playchess.com"]
[Source "ChessBase"]
[SourceQuality "1"]
[TimeControl "1800+12"]

1. e4 {[%emt 0:00:00]} c5 {[%emt 0:00:01]} 2. Nf3 {[%emt 0:00:00]} e6 {[%emt 0:00:01]} 3. d4 {[%emt 0:00:01]} cxd4 {[%emt 0:00:02]} 4. Nxd4 {[%emt 0:00:08]} Nc6 {[%emt 0:00:06]} 5. Nc3 {[%emt 0:02:11]} Qc7 {[%emt 0:00:04]} 6. a3 {[%emt 0:03:12]} Nf6 {[%emt 0:00:54]} 7. Be3 {[%emt 0:00:30]} a6 {[%emt 0:00:16]} 8. Be2 {[%emt 0:01:10]} h5 {[%emt 0:06:16]} 9. Nxc6 {[%emt 0:05:30]} bxc6 {[%emt 0:01:49]} 10. f4 {[%emt 0:01:05]} Rb8 {[%emt 0:00:54]} 11. Rb1 {[%emt 0:04:45]} d5 {[%emt 0:07:04]} 12. e5 {[%emt 0:01:03]} Ng4 {[%emt 0:00:37]} 13. Bxg4 {[%emt 0:01:02]} hxg4 {[%emt 0:00:02]} 14. Qxg4 {[%emt 0:00:18]} c5 {[%emt 0:01:11]} 15. Bd2 {[%emt 0:01:58]} Bb7 {[%emt 0:01:52]} 16. O-O {[%emt 0:00:58]} g6 {[%emt 0:01:36]} 17. Rfe1 {[%emt 0:05:02]} Bc6 {[%emt 0:01:54]} 18. Ne2 {[%emt 0:00:46]} Be7 {[%emt 0:02:14]} 19. Ng3 {[%emt 0:01:20]} Rb7 {[%emt 0:02:01]} 20. Qd1 {[%emt 0:00:59]} Bh4 {[%emt 0:01:46]} 21. Qg4 {[%emt 0:00:29]} Qb8 {[%emt 0:00:31]} 22. b4 {[%emt 0:00:26]} a5 {[%emt 0:00:27]} 23. f5 {[%emt 0:00:56]} gxf5 {[%emt 0:01:43]} 24. Qg7 {[%emt 0:00:11]} Ke7 {[%emt 0:00:48]} 25. Bg5+ {[%emt 0:00:17]} Bxg5 {[%emt 0:00:02]} 26. Qxg5+ {[%emt 0:00:01]} Kd7 {[%emt 0:00:03]} 27. Qf6 {[%emt 0:00:20]} Qd8 {[%emt 0:00:34]} 28. Qxf7+ {[%emt 0:00:05]} Kc8 {[%emt 0:00:00]} 29. Qxe6+ {[%emt 0:00:03]} Bd7 {[%emt 0:00:24]} 30. Qxd5 {[%emt 0:00:08]} Qh4 {[%emt 0:00:22]} 31. Nf1 {[%emt 0:00:43]} axb4 {[%emt 0:00:19]} 32. axb4 {[%emt 0:00:03]} Rxb4 {[%emt 0:00:05]} 33. Qxc5+ {[%emt 0:00:12]} Kd8 {[%emt 0:00:28]} 34. Qxb4 {[%emt 0:00:02]} f4 {[%emt 0:00:01]} 35. Qb8+ {[%emt 0:00:10]} Ke7 {[%emt 0:00:03]} 36. Qd6+ {[%emt 0:00:01]} 1-0

[Event "15th Deltalift Open 2018"]
[Site "Halmstad"]
[Date "2018.05.10"]
[Round "4"]
[White "Linusson, Lasse"]
[Black "Silseth, Simon"]
[Result "0-1"]
[WhiteElo "1962"]
[BlackElo "2239"]
[Annotator "NA"]
[PlyCount "116"]
[EventDate "2018.??.??"]
[EventType "swiss"]
[EventCountry "SWE"]
[SourceTitle "playchess.com"]
[Source "ChessBase"]
[SourceQuality "1"]
[TimeControl "1800+12"]

1. e4 {[%emt 0:00:00]} c5 {[%emt 0:00:07]} 2. a3 {[%emt 0:00:00]} g6 {[%emt 0:00:07]} 3. b4 {[%emt 0:00:00] B20: Sicilian: Unusual White 2nd moves} (3. Nc3 Bg7 4. Bc4 Nc6 5. d3 d6 6. h4 Nf6 7. Nge2 h5 8. Bg5 Nd4 9. Nxd4 cxd4 10. Nd5 Nxd5 11. Bxd5 {1-0 (62) Carlsen,M (2832)-Guseinov,G (2645) chess.com INT 2017}) 3... Bg7 {[%emt 0:00:03]} 4. Nc3 {[%emt 0:00:03]} d6 {[%emt 0:00:47]} 5. Nge2 {[%emt 0:00:26]} Nf6 {[%emt 0:00:08]} 6. Rb1 {[%emt 0:00:10]} O-O {[%emt 0:00:23]} 7. g3 {[%emt 0:00:46]} Nc6 {[%emt 0:01:54]} 8. Bg2 {[%emt 0:00:13]} Nd4 {[%emt 0:02:03]} 9. Nxd4 $146 {[%emt 0:02:22]} ({Predecessor:} 9. O-O Qc7 10. d3 Bg4 {½-½ (30) Vlasveld,W (2483)-Staratorzhsky,V (2418) ICCF email 2009}) 9... cxd4 {[%emt 0:00:02]} 10. Nd5 {[%emt 0:00:42]} Nxd5 {[%emt 0:00:39]} 11. exd5 {[%emt 0:00:06]} Bf5 {[%emt 0:00:15]} 12. O-O {[%emt 0:04:32]} Rc8 {[%emt 0:01:11]} 13. d3 {[%emt 0:00:46]} Qc7 {[%emt 0:02:04]} 14. Rb2 {[%emt 0:00:59]} Qd7 {[%emt 0:00:30]} 15. Re1 {[%emt 0:01:26]} Rc3 {[%emt 0:02:43]} 16. Ra2 {[%emt 0:02:29]} Rfc8 {[%emt 0:00:04]} 17. Bd2 {[%emt 0:01:43]} R3c7 {[%emt 0:00:18]} 18. a4 {[%emt 0:00:43]} e5 {[%emt 0:01:52]} 19. b5 {[%emt 0:02:55]} h5 {[%emt 0:02:01]} 20. Qb1 {[%emt 0:00:56]} b6 {[%emt 0:00:17]} 21. a5 {[%emt 0:01:51]} Rc5 {[%emt 0:00:27]} 22. Rb2 {[%emt 0:02:21]} Qc7 {[%emt 0:01:49]} 23. axb6 {[%emt 0:00:50]} axb6 {[%emt 0:00:49]} 24. Bb4 {[%emt 0:01:56]} Rxb5 {[%emt 0:04:39]} (24... Rxc2 $19 {and Black stays clearly on top.} 25. Be4 Bxe4 26. Rxc2 Qxc2 27. Qxc2 Rxc2 28. dxe4 Bf8) 25. Qa2 {[%emt 0:01:19]} Bd7 {[%emt 0:00:42]} 26. Ra1 {[%emt 0:00:17]} Bf8 {[%emt 0:00:34]} 27. Qa6 {[%emt 0:00:44]} Rb8 {[%emt 0:01:06]} 28. Qa2 {[%emt 0:00:22] [#]} Qb7 {[%emt 0:01:18]} ({Black should play} 28... h4 $1 $17 {[%mdl 512]}) 29. Rb3 {[%emt 0:01:30]} Rc8 {[%emt 0:00:26]} 30. Qa7 {[%emt 0:00:22]} ({White should try} 30. h4 $15) 30... Qxa7 {[%emt 0:00:28]} 31. Rxa7 {[%emt 0:00:01]} Be8 {[%emt 0:01:14]} 32. Ra2 f5 {[%emt 0:00:21]} 33. Kf1 $17 {[%emt 0:00:19]} Bf7 {[%emt 0:00:20]} 34. Rbb2 {[%emt 0:01:19]} Bxd5 {[%emt 0:00:07]} 35. Bxd5+ {[%emt 0:00:03]} Rxd5 {[%emt 0:00:01]} 36. Ra6 {[%emt 0:00:11]} Rb5 {[%emt 0:00:09]} 37. Ra7 d5 {[%emt 0:00:46]} 38. Ra4 {[%emt 0:00:52]} Bxb4 {[%emt 0:00:08]} 39. Rbxb4 {[%emt 0:00:25]} Rxb4 {[%emt 0:00:04]} 40. Rxb4 {[%emt 0:00:01]} Rxc2 {[%emt 0:00:33]} 41. Rxb6 {[%emt 0:00:00]} Kg7 {[%emt 0:00:12]} 42. Rd6 {[%emt 0:00:02]} Rd2 {[%emt 0:00:51]} 43. Rxd5 {[%emt 0:00:02]} Kf6 {[%emt 0:00:02]} 44. Rd6+ {[%emt 0:00:06]} Kf7 {[%emt 0:00:02]} 45. Rd5 {[%emt 0:00:04]} Ke6 {[%emt 0:00:00]} 46. Rd8 {[%emt 0:00:03]} Rxd3 {[%emt 0:00:02]} 47. Ke2 {[%emt 0:00:02]} Ra3 {[%emt 0:00:05]} 48. Re8+ {[%emt 0:00:03]} Kf6 {[%emt 0:00:03]} 49. Rf8+ {[%emt 0:00:04]} Ke7 {[%emt 0:00:01]} 50. Rg8 {[%emt 0:00:03]} Kf7 {[%emt 0:00:04]} 51. Rb8 {[%emt 0:00:08]} e4 {[%emt 0:00:04]} 52. Rb6 {[%emt 0:00:28]} Ra2+ {[%emt 0:00:09]} 53. Ke1 {[%emt 0:00:02]} d3 {[%emt 0:00:22]} 54. Rd6 {[%emt 0:00:18]} g5 {[%emt 0:00:27]} 55. h3 {[%emt 0:00:08]} Ra1+ {[%emt 0:00:16]} 56. Kd2 {[%emt 0:00:03]} Rf1 {[%emt 0:00:07]} 57. Ke3 {[%emt 0:00:11]} Re1+ {[%emt 0:00:03]} 58. Kd4 {[%emt 0:00:11]} d2 0-1

[Event "15th Deltalift Open 2018"]
[Site "Halmstad"]
[Date "2018.05.10"]
[Round "4"]
[White "Karlsson, Ulf"]
[Black "Blomstrom, Lars"]
[Result "1/2-1/2"]
[WhiteElo "1959"]
[BlackElo "2163"]
[Annotator "NA"]
[PlyCount "54"]
[EventDate "2018.??.??"]
[EventType "swiss"]
[EventCountry "SWE"]
[SourceTitle "playchess.com"]
[Source "ChessBase"]
[SourceQuality "1"]
[TimeControl "1800+12"]

1. e4 {[%emt 0:00:00]} e5 {[%emt 0:00:03]} 2. Nf3 {[%emt 0:00:00]} Nc6 {[%emt 0:00:01]} 3. Nc3 {[%emt 0:00:00]} Nf6 {[%emt 0:00:10]} 4. d4 {[%emt 0:00:00]} exd4 {[%emt 0:00:09]} 5. Nxd4 {[%emt 0:00:00]} Bb4 {[%emt 0:00:28]} 6. Nxc6 {[%emt 0:00:25]} bxc6 {[%emt 0:00:03]} 7. Bd3 {[%emt 0:00:03]} O-O {[%emt 0:00:50]} 8. O-O {[%emt 0:00:11]} d5 {[%emt 0:00:03]} 9. exd5 {[%emt 0:00:16]} cxd5 {[%emt 0:00:01]} 10. Bg5 {[%emt 0:00:10]} c6 {[%emt 0:00:13]} 11. Qf3 {[%emt 0:00:07]} Rb8 {[%emt 0:00:32]} 12. Bxf6 {[%emt 0:03:28]} Qxf6 {[%emt 0:00:07]} 13. Qxf6 {[%emt 0:00:04]} gxf6 {[%emt 0:00:02]} 14. Ne2 {[%emt 0:00:13]} Bd6 {[%emt 0:04:30]} 15. b3 {[%emt 0:01:08]} a5 {[%emt 0:02:34]} 16. Rad1 {[%emt 0:04:04]} Rb4 {[%emt 0:06:37]} 17. c3 {[%emt 0:02:56]} Rb6 {[%emt 0:00:11]} 18. Nd4 {[%emt 0:01:15]} Re8 {[%emt 0:03:16]} 19. Rfe1 {[%emt 0:00:58]} Re5 {[%emt 0:01:55]} 20. Nf3 {[%emt 0:02:22]} Kg7 {[%emt 0:03:45]} 21. Nxe5 {[%emt 0:06:02]} fxe5 {[%emt 0:00:02]} 22. c4 {[%emt 0:01:09]} Rb4 {[%emt 0:01:36]} 23. Be4 {[%emt 0:02:56]} f5 {[%emt 0:01:49]} 24. Bxd5 {[%emt 0:00:03]} cxd5 {[%emt 0:00:02]} 25. Rxd5 {[%emt 0:00:02]} Bc7 {[%emt 0:00:16]} 26. Red1 {[%emt 0:00:45]} Rb7 {[%emt 0:00:20]} 27. c5 {[%emt 0:00:05]} Be6 1/2-1/2

[Event "15th Deltalift Open 2018"]
[Site "Halmstad"]
[Date "2018.05.10"]
[Round "4"]
[White "Rasti, Arvin"]
[Black "Cramling Bellon, Anna"]
[Result "0-1"]
[WhiteElo "1956"]
[BlackElo "2153"]
[Annotator "NA"]
[PlyCount "82"]
[EventDate "2018.??.??"]
[EventType "swiss"]
[EventCountry "SWE"]
[SourceTitle "playchess.com"]
[Source "ChessBase"]
[SourceQuality "1"]
[TimeControl "1800+12"]

1. d4 {[%emt 0:00:00]} d5 {[%emt 0:00:01]} 2. c4 {[%emt 0:00:00]} e6 {[%emt 0:00:01]} 3. Nc3 {[%emt 0:00:00]} c6 {[%emt 0:00:02]} 4. Nf3 {[%emt 0:00:00]} Nf6 {[%emt 0:00:04]} 5. Bg5 {[%emt 0:00:05]} Nbd7 {[%emt 0:00:05]} 6. e3 {[%emt 0:00:03]} Qa5 {[%emt 0:00:01]} 7. Qc2 {[%emt 0:00:04]} Bb4 {[%emt 0:07:04]} 8. Nd2 {[%emt 0:00:01]} dxc4 {[%emt 0:04:54]} 9. Bxf6 {[%emt 0:00:02]} Nxf6 {[%emt 0:00:01]} 10. Nxc4 {[%emt 0:00:01]} Qc7 {[%emt 0:00:01]} 11. Be2 {[%emt 0:00:05]} O-O {[%emt 0:01:06]} 12. O-O {[%emt 0:00:02]} Bd7 {[%emt 0:00:10]} 13. Rfd1 {[%emt 0:01:14]} Rfd8 {[%emt 0:00:05]} 14. Rac1 {[%emt 0:02:04]} Rac8 {[%emt 0:00:37]} 15. a3 {[%emt 0:00:23]} Be7 {[%emt 0:00:03]} 16. h3 {[%emt 0:04:36]} a5 {[%emt 0:06:53]} 17. Ne5 {[%emt 0:03:13]} Bd6 {[%emt 0:02:14]} 18. f4 {[%emt 0:00:58]} c5 {[%emt 0:00:45]} 19. Ne4 {[%emt 0:03:49]} Bxe5 {[%emt 0:03:08]} 20. fxe5 {[%emt 0:00:58]} Nxe4 {[%emt 0:00:02]} 21. Qxe4 {[%emt 0:00:02]} Bc6 {[%emt 0:00:02]} 22. Qc2 {[%emt 0:01:28]} cxd4 {[%emt 0:00:14]} 23. exd4 {[%emt 0:00:05]} Qb6 {[%emt 0:02:21]} 24. Qc3 {[%emt 0:02:20]} h6 {[%emt 0:01:33]} 25. Qd2 {[%emt 0:04:38]} Ba4 {[%emt 0:00:34]} 26. Rxc8 {[%emt 0:03:34]} Rxc8 {[%emt 0:00:01]} 27. Rf1 {[%emt 0:00:01]} Rc2 {[%emt 0:01:00]} 28. Qe3 {[%emt 0:00:56]} Qxb2 {[%emt 0:00:11]} 29. Bf3 {[%emt 0:00:01]} Bc6 {[%emt 0:01:12]} 30. Kh1 {[%emt 0:01:03]} Rxg2 {[%emt 0:00:26]} 31. Bxc6 {[%emt 0:00:23]} Rh2+ 32. Kg1 bxc6 {[%emt 0:00:45]} 33. Qf3 {[%emt 0:00:06]} Kh8 {[%emt 0:00:20]} 34. Qg3 {[%emt 0:00:11]} Rd2 {[%emt 0:00:39]} 35. Rxf7 {[%emt 0:02:13]} Qxd4+ {[%emt 0:00:18]} 36. Rf2 {[%emt 0:00:01]} Rxf2 {[%emt 0:00:12]} 37. Qxf2 {[%emt 0:00:00]} Qxe5 {[%emt 0:00:10]} 38. h4 {[%emt 0:00:11]} c5 {[%emt 0:00:06]} 39. Kg2 {[%emt 0:00:17]} Qe4+ {[%emt 0:00:08]} 40. Kh3 {[%emt 0:00:01]} Qf5+ {[%emt 0:00:02]} 41. Qxf5 {[%emt 0:00:03]} exf5 {[%emt 0:00:01]} 0-1

[Event "15th Deltalift Open 2018"]
[Site "Halmstad"]
[Date "2018.05.11"]
[Round "5"]
[White "Hillarp Persson, Tiger"]
[Black "Tuomainen, Felix"]
[Result "1-0"]
[WhiteElo "2531"]
[BlackElo "2211"]
[Annotator "TA"]
[PlyCount "99"]
[EventDate "2018.??.??"]
[EventType "swiss"]
[EventCountry "SWE"]
[SourceTitle "playchess.com"]
[Source "ChessBase"]
[SourceQuality "1"]

{[%evp 21,99,41,39,22,65,59,70,70,71,70,87,93,88,76,130,114,121,98,124,110,139,130,96,111,122,59,71,61,88,88,94,41,79,77,81,68,64,61,115,126,134,141,150,94,143,151,168,147,154,123,142,112,139,154,120,159,156,77,93,69,76,77,77,49,93,108,204,204,193,167,208,191,192,171,177,172,267,267,771,771]} 1. Nf3 Nf6 2. c4 c5 3. Nc3 Nc6 4. g3 g6 5. Bg2 Bg7 6. O-O O-O 7. d4 cxd4 8. Nxd4 Nxd4 9. Qxd4 d6 10. Qd3 a6 11. Bg5 Rb8 {LiveBook: 14 Games. A39: Symmetrical English vs ...g6: 4 Bg2 Bg7 5 Nf3 Nf6 6 0-0 0-0 7 d4} (11... Bf5 12. Qd2 Rb8 13. Rac1 b5 14. Nd5 Be6 15. Bxf6 exf6 16. cxb5 axb5 17. Nb4 Qa5 18. a3 f5 19. Rfd1 {1-0 (79) Kramnik,V (2791)-Andreikin,D (2683) Moscow 2010}) 12. Rfd1 b6 13. Rac1 $146 ({Predecessor:} 13. e4 h6 14. Bf4 Nd7 15. Qd2 Kh7 16. h3 Ne5 17. b3 Bd7 18. Rac1 Qc8 19. Kh2 {1-0 (53) Mannen,H (2183)-Van Roosmalen,S Utrecht 1999}) 13... Bb7 {White is slightly better.} 14. b3 Bxg2 15. Kxg2 Rb7 16. Nd5 Nxd5 17. cxd5 b5 (17... a5 $142) 18. Rc6 $1 $16 a5 19. Rdc1 a4 20. bxa4 h6 21. Bd2 bxa4 22. R1c4 Qa8 23. Bc3 (23. Re4 $16) 23... Bxc3 $14 24. Qxc3 Rb5 25. e4 Qa5 26. Qd4 (26. Qc1 $16) 26... a3 27. Rc8 {White threatens Rxf8+ and mate.} Rb8 28. Rxf8+ Rxf8 $16 {[%mdl 4096] Endgame KQR-KQR} 29. Ra4 Qc7 ({Better is} 29... Qe1 $14) 30. Rxa3 {aiming for Ra7.} Rc8 31. Ra7 $36 {[%mdl 2048] White is on the roll.} Qc4 32. Qe3 (32. Qxc4 $142 Rxc4 33. Kf3 (33. Rxe7 Kf8 $16)) 32... e6 33. Qf3 Rf8 34. dxe6 Qxe6 35. Qd3 Rb8 36. Ra6 Rb4 37. Rxd6 Qxe4+ 38. Qxe4 Rxe4 {KR-KR} 39. Rd2 (39. Ra6 $142) 39... h5 40. a3 Kg7 41. Kf3 Ra4 42. Ra2 f5 43. Ke3 g5 (43... Kf6 $16) 44. Kd3 $18 Kf6 45. Kc3 f4 {[#]} 46. Kb3 $1 {[%cal Rb3a4]} Ra8 47. gxf4 gxf4 48. a4 {[%cal Ba3a4,Ba4a5][%mdl 32]} f3 (48... Ke5 $142 49. a5 Kd6) 49. a5 Kg5 $2 {[#]} (49... Ke5 50. a6 Kd6) 50. Ra4 $1 {Precision: White = 73%, Black = 42%.} 1-0

[Event "15th Deltalift Open 2018"]
[Site "Halmstad"]
[Date "2018.05.11"]
[Round "5"]
[White "Hector, Jonny"]
[Black "Haugli, Petter"]
[Result "1-0"]
[WhiteElo "2497"]
[BlackElo "2245"]
[Annotator "TA"]
[PlyCount "81"]
[EventDate "2018.??.??"]
[EventType "swiss"]
[EventCountry "SWE"]
[SourceTitle "playchess.com"]
[Source "ChessBase"]
[SourceQuality "1"]

{[%evp 17,81,31,34,33,45,28,35,6,69,56,56,60,83,74,82,85,81,79,143,127,183,165,189,216,200,204,203,203,237,225,254,203,191,68,146,146,111,95,155,111,158,152,147,143,195,173,210,173,289,274,297,287,350,315,420,414,420,415,553,519,523,483,29990,29991,29991,29992]} 1. e4 c5 2. Nf3 e6 3. d4 cxd4 4. Nxd4 a6 5. c4 Nf6 6. Nc3 Bb4 7. Qd3 {B41: Sicilian: Kan Variation: 5 c4} Qc7 8. a3 Bxc3+ 9. Qxc3 d6 {LiveBook: 6 Games} 10. Qg3 $146 ({Predecessor:} 10. Bd3 e5 11. Ne2 Be6 12. Be3 Nbd7 13. f3 Rc8 14. Rc1 Qb8 {0-1 (33) Kantans,T (2508)-Romanov,E (2619) Batumi 2018}) 10... O-O 11. Bh6 {[%csl Gh6][%cal Rg3g7] [#]} Ne8 $1 12. Bd3 e5 ({Black should try} 12... Qb6 $11 13. Be3 Qxb2) 13. Nf5 $1 $14 {[%cal Rf5g7]} Bxf5 $1 14. exf5 $40 {[%mdl 128] Black must now prevent Bxg7! White is up to no good.} Nd7 15. O-O Kh8 16. Be3 Nef6 17. Rac1 b6 (17... Rac8 $142) 18. Qh4 Qc6 (18... Qb7 $16 {was worth a try.}) 19. Rfd1 $18 a5 20. g4 {[%cal Bg2g4,Bg4g5][%mdl 32]} e4 21. Be2 Ne5 22. g5 Nfd7 23. Rd5 Nc5 24. Bxc5 bxc5 {[#]} 25. Qxe4 (25. Rc3 $1 $18 {[%cal Rc3h3]} Qd7 26. Bg4 (26. Qxe4 Rae8 $14) 26... Nxg4 27. Rh3) 25... Qc7 (25... Rae8 $14) 26. Rc3 $16 f6 27. g6 h6 ({Better is} 27... Rae8) 28. Qf4 Rad8 29. Rh3 Rfe8 30. Bf1 {[%cal Be2f1,Bf1g2,Bg2d5][%mdl 32]} Qe7 (30... Kg8 $16 {might work better.}) 31. Bg2 $18 a4 32. Rd1 {White wants to mate with Rxh6+!} Qf8 (32... Kg8 $142 33. Re3 Qd7) 33. Bd5 Rb8 34. Qd2 Rb6 35. Qc2 Reb8 36. Rd2 Rb3 37. Rxb3 Rxb3 38. f4 Ng4 39. Re2 Ne3 (39... Re3 $18 40. Qd2 Rxe2 41. Qxe2 h5) 40. Qxb3 axb3 41. Rxe3 {Precision: White = 68%, Black = 26%.} 1-0

[Event "15th Deltalift Open 2018"]
[Site "Halmstad"]
[Date "2018.05.11"]
[Round "5"]
[White "Cramling, Pia"]
[Black "Nilsson, Patrik"]
[Result "1-0"]
[WhiteElo "2448"]
[BlackElo "2195"]
[Annotator "TA"]
[PlyCount "73"]
[EventDate "2018.??.??"]
[EventType "swiss"]
[EventCountry "SWE"]
[SourceTitle "playchess.com"]
[Source "ChessBase"]
[SourceQuality "1"]

{[%evp 30,73,54,45,54,45,75,75,112,115,382,368,485,457,601,506,547,525,504,315,318,322,324,324,318,320,321,327,320,323,337,298,297,269,295,298,398,398,398,398,391,377,29989,29990,29990,29991]} 1. d4 f5 2. g3 Nf6 3. Bg2 g6 4. Nf3 Bg7 5. O-O O-O 6. c4 d6 7. Nc3 Nc6 8. d5 Ne5 9. Nxe5 dxe5 10. Qb3 Kh8 11. Rd1 h6 {A89: Dutch Defence: Leningrad System: 5 Nf3 0-0 6 0-0 d6 7 Nc3 Nc6} (11... a6 12. c5 Rb8 13. Qa3 h6 14. b3 g5 15. Bb2 Qe8 16. d6 exd6 17. cxd6 cxd6 18. Rxd6 Qh5 19. Rad1 {1-0 (29) Bacrot,E (2689)-Shabalov,A (2563) London 2016}) 12. Bd2 g5 13. Be1 a6 14. c5 {[%cal Bc4c5,Bc5d6,Bd6d7][%mdl 32]} e4 15. Rac1 Qe8 16. d6 {LiveBook: 4 Games} exd6 17. cxd6 c6 $146 {[#]} ({Predecessor:} 17... cxd6 18. Rxd6 Qh5 19. Nd5 Ng4 20. h3 Ne5 21. Rc7 Qxe2 22. Bc3 e3 23. Rxh6+ {1-0 (23) Farago,I (2511)-Vezzani,S (2170) Porto San Giorgio 2009}) 18. Na4 $1 Be6 19. Qxb7 {aiming for b3.} Bxa2 $2 {[%mdl 8192]} (19... Rf7 $16 20. Qb6 (20. Qxc6 Bd7 $17) 20... Rb8) 20. d7 $18 Qh5 21. Qxc6 Bb3 22. Rd6 Bxa4 23. Qxa4 Qxe2 24. Qd1 Qxd1 25. Rcxd1 ({Don't take} 25. Rdxd1 $6 Rfd8 $18) 25... Rad8 26. Ba5 Rxd7 27. Rxd7 Nxd7 28. Rxd7 Bxb2 29. Bf1 f4 30. Bb6 Rf6 31. Rb7 Be5 32. Bxa6 e3 33. fxe3 fxe3 {intending ...e2.} 34. Be2 Rf2 35. Re7 Bxg3 $2 {[#]} (35... Rxe2 $18 36. Rxe5 Kg7 37. Rxe3 Rd2) 36. Bd4+ Kg8 37. Re8+ {Precision: White = 69%, Black = 29%.} 1-0